000 02364nam a2200325 a 4500
001 52909
003 AR-BaAGN
005 20231117134857.0
007 ta
008 s2020 ag |||||r|||| ||| ||spa d
020 _a978-987-737-053-9
040 _aAR-BaAGN
_bspa
_eaacr
100 1 _aStiglitz, Joseph,
_d1943-
_95342
240 1 0 _aPeople, power and profits : progressive capitalism for an age of discontent.
_lEspañol
245 1 0 _aCapitalismo progresista :
_bla respuesta a la era del malestar /
_cJoseph E. Stiglitz ; traducción de Jaime Collyer.
250 _a1a ed.
260 _aBuenos Aires :
_bTaurus,
_c2020.
300 _a492 páginas :
_bdiagrs. ;
_c23 cm.
336 _2rdacontent
_btxt
337 _2rdamedia
_bn
338 _2rdacarrier
_bnc
490 1 _aEconomía
520 3 _aTodos tenemos la sensación de que el sistema económico se inclina a favor de las grandes empresas. Unas pocas corporaciones dominan sectores enteros; la industria financiera regula la economía a su antojo; los gobiernos negocian acuerdos comerciales que no benefician en absoluto a los intereses de los ciudadanos; y las tecnológicas custodian celosamente una ingente cantidad de datos personales sin supervisión y trafican con ellos. Las nuevas tecnologías, lejos de ayudar, tienden a empeorar las cosas, contribuyendo a disparar la desigualdad, ralentizar el crecimiento y fomentar el desempleo. Pese a todo, Joseph Stiglitz, premio Nobel de Economía, insiste en que, aunque no lo parezca, tenemos el poder de reconstruir los cimientos del capitalismo. En este oportuno libro, identifica las verdaderas fuentes de la prosperidad económica compartida, basadas en la investigación, la educación y el imperio de la ley. Consciente de los peligros del fundamentalismo de mercado, y de las amenazas que se ciernen sobre el poder judicial, las universidades y los medios de comunicación, instituciones que durante mucho tiempo han sido la base de la prosperidad y la democracia, revela cómo hemos llegado a esta situación y marca el camino para combatir algunos de los mayores desafíos de nuestro tiempo. (Descripción del editor).
650 4 _aECONOMÍA
_91656
650 4 _aCAPITALISMO
_91584
650 4 _aPOLÍTICA ECONÓMICA
_91419
651 4 _aEstados Unidos
_93634
700 1 _aCollyer, Jaime,
_d1955-
_95506
_etrl
942 _cLIBRO
_kAGN
_n0
999 _c52909
_d52909